书目信息 |
| 题名: |
由投影重建图象
|
|
| 作者: | 赫尔曼 著 ;严洪范 译 | |
| 分册: | ||
| 出版信息: | 北京 科学出版社 1985 |
|
| 页数: | 335页 | |
| 开本: | 20cm | |
| 丛书名: | ||
| 单 册: | ||
| 中图分类: | R814.4 | |
| 科图分类: | ||
| 主题词: | X射线诊断--诊断学 | |
| 电子资源: | ||
| ISBN: | ||
| 000 | 00787nam0 2200241 45 | |
| 001 | 0185006907 | |
| 005 | 20041223104308.2 | |
| 010 | @dCNY3.05 | |
| 091 | @a15031.638 | |
| 100 | @a19900904d1985 em y0chiy0121 ea | |
| 101 | 1 | @achi@ceng |
| 102 | @aCN@b110000 | |
| 105 | @af z 001yy | |
| 200 | 10 | @a由投影重建图象@Ayou tou ying chong jian tu xiang@eCT的理论基础@dImage reconstruction from projections: the fundamentals of computerized temography@f(美)G.T.赫尔曼著@F(Mei)G.T.He Er Man Zhu@g严洪范译 |
| 210 | @a北京@c科学出版社@d1985 | |
| 215 | @a335页@d20cm | |
| 606 | 0 | @aX射线诊断@x诊断学 |
| 690 | @aR814.4@v3 | |
| 701 | 0 | @a赫尔曼@4著 |
| 702 | 0 | @a严洪范@Ayan hong fan@4译 |
| 801 | 0 | @aCN@b深圳图书馆@c20040524 |
| 801 | 2 | @aCN@bNLC@c20040524 |
| 905 | @dR814.4@e3@f1@b174185 | |
| 由投影重建图象:CT的理论基础=Image reconstruction from projections: the fundamentals of computerized temography/(美)G.T.赫尔曼著/严洪范译.-北京:科学出版社,1985 |
| 335页;20cm |
| ISBN :CNY3.05 |
| ● |
| 相关链接 |
|
|
|
|
正题名:由投影重建图象
索取号:R814.4/3
 
预约/预借
| 序号 | 登录号 | 条形码 | 馆藏地/架位号 | 状态 | 备注 |
| 1 | 0134842 | 000716309 | 密集书库/ [索取号:R814.4/3] | 在馆 | |
| 2 | 0134843 | 000716354 | 密集书库/ [索取号:R814.4/3] | 在馆 | |
| 3 | 0134844 | 000716363 | 密集书库/ [索取号:R814.4/3] | 在馆 | |
| 4 | 0134845 | 000716390 | 密集书库/ [索取号:R814.4/3] | 在馆 | |
| 5 | 0134846 | 000716292 | 第二样本阅览室/ [索取号:R814.4/3] | 在馆 | |
| 6 | 0174184 | 000716336 | 第三借阅区/ [索取号:R814.4/3] | 在馆 | |
| 7 | 0174185 | 000716345 | 密集书库/ [索取号:R814.4/3] | 在馆 |